| 000 | 00503nam a2200181 a 4500 | ||
|---|---|---|---|
| 005 | 20210219152854.0 | ||
| 008 | 991125n 000 0 u | ||
| 035 | _aUPN01000064539 | ||
| 100 | 1 | _aTrahan, Eric | |
| 222 | _aTHE LIBRARY QUARTERLY | ||
| 245 | _aApplying meta-analysis to library and information science research | ||
| 300 | _a73-91 | ||
| 362 | 0 | _a1993 Vol. 63, no. 1 | |
| 653 | 0 | _aBIBLIOTECARIOS | |
| 653 | 0 | _aRECUPERACION DE INFORMACION | |
| 904 |
_aAC _b002350 |
||
| 905 | _aArticulo | ||
| 999 |
_c62596 _d62596 |
||